Отчет о поездке на Псекупские минеральные источники в 1915 г.

Библиографические подробности
Главный автор: Огильви А. Н.
Автор-организация: СССР Геологический комитет (Геолком)
Язык:русский
Опубликовано: Ленинград, Издание Геологического комитета, 1925
Серии:Материалы по общей и прикладной геологии
Предметы:
Формат: Книга
Запись в KOHA:https://koha.lib.tpu.ru/cgi-bin/koha/opac-detail.pl?biblionumber=329245

MARC

LEADER 00000nam0a2200000 4500
001 329245
005 20231102004137.0
035 |a (RuTPU)RU\TPU\book\354987 
090 |a 329245 
100 |a 20170310d1925 k y0rusy50 ca 
101 0 |a rus 
102 |a RU 
105 |a a z 001zy 
200 1 |a Отчет о поездке на Псекупские минеральные источники в 1915 г.  |f А. Н. Огильви  |g СССР, Геологический комитет (Геолком) 
210 |a Ленинград  |c Издание Геологического комитета  |d 1925 
215 |a 27 с.  |c ил., 1 табл. 
225 1 |a Материалы по общей и прикладной геологии  |i Вып. 15 
320 |a Библиогр. в тексте 
606 1 |a Минеральные источники  |2 stltpush  |3 (RuTPU)RU\TPU\subj\44056  |9 63440 
610 1 |a Краснодарский край 
610 1 |a минеральные воды 
610 1 |a библиотека М. А. Усова 
675 |a 553.7  |v 4 
700 1 |a Огильви  |b А. Н. 
712 0 1 |a СССР  |b Геологический комитет (Геолком)  |c (1922-1930)  |2 stltpush  |3 (RuTPU)RU\TPU\col\18484 
801 1 |a RU  |b 63413507  |c 20170310 
801 2 |a RU  |b 63413507  |c 20190124  |g RCR 
942 |c BK